El buscón : noviembre-diciembre 1983 /

Publicación periódica en que se revisan temas sociales y políticos, tanto desde una perspectiva teórica como analítica, de asuntos coyunturales y de relevancia para la vida política de México. Contenido: Los aztecas (Karl Marx); La virgen que forjó una patria (Javier Guerrero); Genaro Domínguez: ent...

Descripció completa

Guardat en:
Dades bibliogràfiques
Altres autors: Semo, Ilán (dirección) (dirección)
Format: Llibre
Idioma:espanyol
Matèries:
Etiquetes: Afegir etiqueta
Sense etiquetes, Sigues el primer a etiquetar aquest registre!

MARC

LEADER 00000nam^a2200000^a^4500
001 000184830
005 20250521000000.0
009 20260310102130.264
037 |a Acervo ITESO - Biblioteca 
041 |a ESP 
082 |a 300. 5  |b BUS 1983 V. 7 
240 1 4 |a [El buscón] 
245 0 3 |a El buscón :  |b noviembre-diciembre 1983 /  |c Dir. de I. Semo. 
264 |a México :  |b Letrofilia,  |c 1983 
300 |a 191 p. 
336 |a texto  |b txt  |2 rdacontenido 
337 |a sin mediación  |b n  |2 rdamedio 
338 |a volumen  |b nc  |2 rdasoporte 
520 |a Publicación periódica en que se revisan temas sociales y políticos, tanto desde una perspectiva teórica como analítica, de asuntos coyunturales y de relevancia para la vida política de México. Contenido: Los aztecas (Karl Marx); La virgen que forjó una patria (Javier Guerrero); Genaro Domínguez: entre risas te veas (Fernando Navarro); La isla de la asfixia (Carlos Chimal y Agustín Ramos); La segregación de la disidencia (E.P. Thompson); Angst (José de Jesús Sampedro); Marxismo y laicismo (Göran Therborn); Sujetos a debate (Benjamín Arditi); El rock nacional (Víctor Roura); La subversión creadora (Edgar Montiel); El retorno de David (George Black); Recuento de libros mexicanos (Rafael Vargas); Raymond Aron: un maestro del pensamiento conservador (Cesare Salvi). 
649 |a XX 
650 |a Aztecas -  |x Historia 
650 |a Políticos Mexicanos -  |x Entrevistas 
650 |a Filósofos Franceses 
650 |a Sociólogos Franceses 
650 |a Indígenas de México -  |x Historia 
650 |a Indígenas de México -  |x Condiciones Sociales y Culturales 
650 |a Indígenas de México -  |x Condiciones Políticas 
650 |a Virgen de Guadalupe -  |x Culto 
650 |a Virgen María -  |x Culto 
650 |a Identidad Cultural -  |z México 
650 |a Identidad Nacional -  |z México 
650 |a Iglesia Católica en México 
650 |a Catolicismo -  |z México 
650 |a Cristianismo -  |z México 
650 |a Religión -  |z México 
650 |a Prácticas Culturales -  |z México 
650 |a Antropología Cultural -  |z México 
650 |a Sociología de la Cultura -  |z México 
650 |a Rock -  |z México -  |x Historia y Crítica 
650 |a Música Popular Moderna -  |z México -  |x Historia y Crítica 
650 |a Música Mexicana -  |y Siglo XX 
650 |a Música Mexicana -  |x Historia y Crítica 
650 |a Poesía Mexicana 
650 |a México (Ciudad) en la Literatura 
650 |a Libros -  |x Reseñas 
650 |a Literatura Mexicana -  |y Siglo XX 
650 |a Literatura Mexicana -  |x Historia y Crítica 
650 |a México (Ciudad) -  |x Descripción 
650 |a Filosofía -  |z Latinoamérica -  |x Historia 
650 |a Filosofía Política 
650 |a Filosofía del Siglo XX 
650 |a Gobernantes y Gobernados 
650 |a Oposición Política 
650 |a Resistencia Civil 
650 |a Secularización -  |x Historia 
650 |a Marxismo -  |x Historia y Crítica 
650 |a Estado, El 
650 |a Crisis Política -  |z América Central -  |x Historia -  |y Siglo XX 
650 |a Política -  |z América Central -  |x Historia -  |y Siglo XX 
650 |a Política -  |x Historia -  |y Siglo XX 
650 |a Política -  |x Publicaciones Periódicas Mexicanas 
650 |a Ciencias Sociales -  |x Publicaciones Periódicas Mexicanas 
650 |a Publicaciones Periódicas Mexicanas 
650 |a Domínguez Maldonado, Genaro 
650 |a Aron, Raymond 
700 |a Semo, Ilán  |e (dirección) 
910 |a Fondo General 
920 |a Impresos - Libros 
930 |a Colección General 
905 |a 101 
901 |a 0500125980  |b IT1  |c ACC  |u 20250521 
902 |a https://opac.biblio.iteso.mx/vufind/Record/000184830